Structural aspects of building conservation

Bibliographic Details
Main Author: Beckmann, Poul
Format: Book
Published: New York : McGraw-Hill Co. , 1995
Subjects:

MARC

LEADER 00000cam a2200000 7i4500
001 0000001268
005 20050614.0
020 |a 0077079906 
040 |a INS 
090 0 0 |a TH3411.   |b B43 1995 
100 1 |a Beckmann, Poul 
245 1 0 |a Structural aspects of building conservation   |c Poul Beckmann 
260 |a New York :   |b McGraw-Hill Co. ,   |c 1995 
300 |a 286p 
650 0 0 |a Historic buildings   |x Maintenance and repair 
650 0 0 |a Historic buildings   |x Remodellingfor other use 
650 0 0 |a Historic building   |x conservation and restoration 
999 |a 0000006010   |b BOOK   |c Open Shelf   |e Default branch